Justice League by Picture Quiz Stats

 Plays Quiz not verified by Sporcle

Score 0/52 Timer 10:00
0 Plays Today
% Correct
Superman
99.8%
Batman
94.5%
Wonder Woman
93.3%
The Flash (Barry Allen)
92.1%
Green Lantern (Hal Jordan)
92.1%
Aquaman
90.1%
Green Arrow
83.3%
Cyborg
77.5%
Green Lantern (John Stewart)
74.3%
Hawkman
72.5%
Supergirl
70.2%
Hawkgirl
70.1%
Green Lantern (Guy Gardner)
69.5%
Green Lantern (Kyle Rayner)
68.1%
Martian Manhunter
67.8%
Atom
67.8%
Shazam
67.8%
Batgirl
67.2%
Green Lantern (Jessica Cruz)
66.6%
Green Lantern (Simon Baz)
66.4%
The Flash (Wally West)
65.5%
Nightwing
60.2%
Red Arrow
59.7%
Black Canary
59.6%
Red Tornado
55.7%
Blue Beetle (Ted Kord)
54.1%
% Correct
Plastic Man
53.3%
Zatanna
52.7%
Firestorm
52.7%
Doctor Fate
51.5%
Booster Gold & Skeets
48.9%
Power Girl
48.1%
Blue Beetle (Jaime Reyes)
47.3%
Huntress
44.7%
Mera
44.3%
Elongated Man
43.9%
Steel
42.8%
Vixen
42.6%
Captain Atom
38.3%
Stargirl
37.7%
Ice
36.3%
Black Lightning
36.3%
Metamorpho
35.4%
Fire
35.2%
Vibe
34.7%
Etrigan
32.6%
Mister Miracle
32.4%
Big Barda
31.4%
Phantom Stranger
28.1%
Doctor Light
27.2%
Animal Man
23.1%
Gypsy
17.8%

You're not logged in!

Compare scores with friends on all Sporcle quizzes.
OR
Log In

Show Comments

Extras

Top Quizzes Today


Score Distribution

Your Account Isn't Verified!

In order to create a playlist on Sporcle, you need to verify the email address you used during registration. Go to your Sporcle Settings to finish the process.

Report this User

Report this user for behavior that violates our Community Guidelines.

Details: